Asas pemasaran

Bibliographic Details
Main Authors: Nik Rahimah Nik Yacob (Author), Ghazali Jaffar (Author), Zaharah Bakar (Author)
Format: Book
Language:Malay
Published: Selangor : Penerbit Fajar Bakti Sdn. Bhd. 1992
Series:Siri pengurusan fajar bakti
Subjects:

MARC

LEADER 00000cam a2200000 7i4500
001 0000013794
005 20241023.0
008 240827 my a may
020 |a 9676519138 (pbk) 
040 |a INS   |b eng   |e rda 
090 0 0 |a HF5415   |b .N583 1992 
100 0 |a Nik Rahimah Nik Yacob ,   |e author 
245 1 0 |a Asas pemasaran   |c Nik Rahimah Nik Yacob, Ghazali Jaffar, Zaharah Bakar 
264 1 |a Selangor :   |b Penerbit Fajar Bakti Sdn. Bhd.   |c 1992 
264 4 |c ©1992 
300 |a vi, 291 pages :   |b illustrations ;   |c 24 cm. 
336 |a text  |2 rdacontent 
337 |a unmediated  |2 rdamedia 
338 |a volume  |2 rdacarrier 
490 0 |a Siri pengurusan fajar bakti 
504 |a Includes bibliographical references and index 
650 0 |a Marketing 
700 0 |a Ghazali Jaffar ,   |e author 
700 0 |a Zaharah Bakar ,   |e author 
999 |a 0000010189   |b BOOK   |c Open Shelf   |e Default branch